Arabic Speaking Nations Quiz Stats

 Plays Quiz not verified by Sporcle

Also try: Countries: After R
Challenge
Share
Tweet
Embed
Score 0/25 Timer 05:00
0 Plays Today
% Correct
Egypt
96.8%
Iraq
96.5%
Saudi Arabia
96.3%
Syria
93.1%
Yemen
93.1%
Morocco
92.1%
Oman
91.6%
United Arab Emirates
91.3%
Lebanon
91.1%
Libya
90.1%
Jordan
88.9%
Algeria
87.1%
Tunisia
87.1%
% Correct
Kuwait
86.1%
Sudan
85.6%
Qatar
85.4%
Bahrain
82.4%
Somalia
77%
Israel
76%
Chad
73.8%
Eritrea
69.8%
Mauritania
66.8%
Djibouti
66.1%
Comoros
43.8%
Palestinian Authority
39.1%

You're not logged in!

Compare scores with friends on all Sporcle quizzes.
OR
Log In

You Might Also Like...

Show Comments

Extras

Top Quizzes Today


Score Distribution

Your Account Isn't Verified!

In order to create a playlist on Sporcle, you need to verify the email address you used during registration. Go to your Sporcle Settings to finish the process.

Report this User

Report this user for behavior that violates our Community Guidelines.

Details: